Tilastot visalle Kazakstan-visa

Klikkaa tästä pelataksesi tätä visaa!

Yleistilastot

  • Tätä visaa on pelattu 233 kertaa
  • Keskiarvotulos 15 / 20

Vastaustilastot

VihjeVastaus% Oikein
NaapurimaatVenäjä
97%
NaapurimaatUzbekistan
95%
Valtio, josta Kazakstan itsenäistyi vuonna 1991Neuvostoliitto
94%
Harjoitetuin uskontoIslam
92%
NaapurimaatTurkmenistan
92%
NaapurimaatKiina
91%
NaapurimaatKirgisia
90%
PääkaupunkiAstana
87%
Sisämeri, jonka rannalla Kazakstan sijaitseeKaspianmeri
85%
Muinainen kauppareitti, joka kulki Kazakstanin halkiSilkkitie
82%
Tärkein vientituoteÖljy
76%
Pääkaupungin nimi vuosina 2019–2022Nur-Sultan
70%
Kaani, joka valloitti suuren osan alueesta 1200-luvullaTšingis-kaani
69%
Suurin osa Kazakstanista koostuu tästä kasvillisuusvyöhykkeestäAro
59%
Suolajärvi, joka oli 1960-luvulla maailman neljänneksi suurin,
mutta on sittemmin suurimmaksi osaksi haihtunut
Araljärvi
56%
Väkirikkain kaupunkiAlmaty
55%
7. tammikuuta vietettävä juhlaJoulu
54%
Baikonurissa sijaitsee maailman suurin ja vanhin...{Avaruus}keskus
44%
Yllä olevaan mereen laskeva suuri joki, joka kulkee Venäjän ja Kazakstanin halkiUral
44%
Maan presidentti vuosina 1991-2019Nursultan Nazarbajev
35%

Tulosjakauma

Persentiili vastausten määrän mukaan

Jokaisen tuloksen saaneiden osuus

Tuloshistoriasi

Et ole pelannut tätä visaa